| 000 | 02608cam a2200301 i 4500 | ||
|---|---|---|---|
| 001 | 18153736 | ||
| 003 | EG-ScBUE | ||
| 005 | 20221221104102.0 | ||
| 008 | 140516s2015 enk f b 001 0 eng d | ||
| 020 | _a9780415725262 | ||
| 040 |
_aDLC _beng _erda _cDLC _dDLC _dEG-ScBUE |
||
| 082 | 0 | 4 |
_a729.28 _222 _bMEE |
| 100 | 1 |
_aMeek, Christopher _q(Christopher Martin), _d1971- _eauthor. |
|
| 245 | 1 | 0 |
_aDaylighting and integrated lighting design / _cChristopher Meek and Kevin Van Den Wymelenberg. |
| 264 | 1 |
_aLondon ; _aNew York : _bRoutledge, _c2015. |
|
| 300 |
_aix, 147 pages ; _c20 cm. |
||
| 490 | 0 | _aPocket architecture : technical design series | |
| 504 | _aIncludes bibliographical references and index. | ||
| 520 | _a"Daylighting and Integrated Lighting Design provides architects, building designers, and students clear direction for the successful inclusion of daylight and integrated electric light in buildings. It presents design teams with the performance analysis resources, energy saving estimates and user satisfaction results they need in order to make informed decisions regarding daylighting and lighting design. Written by two well-known experts in the field, the book provides: critical geometric and material relationships along with proven design process activities, offered in a quick-reference format, with sufficient context to address the range of associated issues present in any building projectboth the "fundamentals" and "applications" which cover design concepts and practice activities applicable to all integrated lighting projectsspecific directives for how the concepts covered are applied in a range of common design scenarios, including architectural rules-of-thumb, instructions for ensuring visual comfort, and preferred approaches for electric lighting control integration.In demonstrating these necessary insights to designers, the authors employ an iterative analysis of common "daylighting patterns" and illustrate and annotate both successful and unsuccessful examples via built form and simulation. Part of the PocketArchitecture Series, this is the ideal pocketbook for any designer serious about reducing the energy impact of their buildings. "-- | ||
| 650 | 7 |
_aDaylighting. _2BUEsh |
|
| 650 | 7 |
_aLighting, Architectural and decorative. _2BUEsh _919183 |
|
| 653 |
_bENGARC _cMarch2015 |
||
| 655 | _vReading book | ||
| 700 | 1 |
_aVan Den Wymelenberg, Kevin G., _eauthor. |
|
| 906 |
_a7 _bcbc _corignew _d1 _eecip _f20 _gy-gencatlg |
||
| 942 |
_2ddc _k729.28 MEE _cBB |
||
| 999 |
_c19017 _d18989 |
||